000 00621nam a2200181Ia 4500
008 151018s9999 xx 000 0 und d
082 _bRBASDV51720
_a615
100 _aधनलाल गाला
245 _aनिसर्गोपाचार पद्धती
250 _b1
260 _bगाला पब्लिशर्स
_c1990
300 _a138
600 _aधनलाल गाला
630 _aनिसर्गोपाचार पद्धती
700 _aधनलाल गाला
730 _aनिसर्गोपाचार पद्धती
942 _cBOOK
999 _c1050504
_d1050501